| 000 | 00589nam a22001937a 4500 | ||
|---|---|---|---|
| 003 | OSt | ||
| 005 | 20180417111729.0 | ||
| 008 | 180417s2017 sp |||||||||||000 0 spa|d | ||
| 020 | _a9788494605970 | ||
| 020 | _a8494605976 | ||
| 040 |
_aES-BaUB _bcat _cCDMR |
||
| 100 | 1 | _aMolina Cañabate, Juan Pedro, | |
| 245 | 1 | 0 |
_aComunicación corporativa _b: guía de supervivencia / _cJuan Pedro Molina Cañabate |
| 260 |
_aMadrid : _bGrupo 5, _c2017 |
||
| 300 |
_a116 pàgines ; _c21 cm |
||
| 504 | _aInclou referències bibliogràfiques | ||
| 650 | 0 | 4 |
_aComunicació en l'empresa _92798 |
| 942 | _cMON | ||
| 999 |
_c7122 _d7122 |
||